U.S. State Trivia by Letter - N - Statistics

General Stats
  • This quiz has been taken 86 times
  • The average score is 19 of 22
Answer Stats
Hint Answer % Correct
Space agency responsible for the Apollo missions NASA
100%
Largest city in Louisiana New Orleans
100%
Midwestern state where Omaha is located Nebraska
99%
Also known as the Garden State New Jersey
99%
Capital and largest city in Tennessee Nashville
97%
What are Yellowstone, Yosemite, Glacier, and Zion? National Parks
97%
State home to Las Vegas and Area 51 Nevada
97%
The only state that Maine borders New Hampshire
97%
Set of waterfalls on the U.S.-Canadian border Niagara Falls
96%
Fargo is the most populous city of this state North Dakota
95%
State where Breaking Bad takes place New Mexico
94%
Eastern state where the Research Triangle is located North Carolina
94%
State that shares its name with its largest city New York
92%
California valley famous for wine Napa
91%
Stock car racing sport with stadiums in Daytona and Talladega NASCAR
88%
Popular shoe company founded in Oregon Nike
88%
Most popular grunge band from Washington Nirvana
87%
Southwest Native American tribe, the largest in the country Navajo
82%
Famous island located off Cape Cod, Massachusetts Nantucket
81%
City in Virginia home to the U.S. Atlantic Fleet Norfolk
56%
University in South Bend, Indiana Notre Dame
55%
University in Evanston, Illinois Northwestern
51%
No matching quizzes found
Score Distribution
Percent of People with Each Score
Percentile by Number Answered
Your Score History
You have not taken this quiz